Başlangıcından Atatürk'e Türk halk eylemleri ve devrimleri (Record no. 7325)

MARC details
000 -BAŞLIK
Sabit Uzunlukta Kontrol Alanı 00787na a2200277 4500
001 - KONTROL NUMARASI
Denetim Alanı 13373
003 - KONTROL NUMARASI IDENTIFIER
Denetim Alanı MIRAKIL
005 - SON İŞLEM TARİHİ VE ZAMANI
Denetim Alanı 20181213155135.0
008 - SABİT-BOY VERİ ELEMANLARI - GENEL BİLGİLER
Sabit Uzunlukta Kontrol Alanı 161010b tu 000 0
020 ## - ULUSLARARASI STANDART KİTAP NUMARASI
Uluslararası Standart Kitap Numarası 9757115002
035 ## - SİSTEM KONTROL NUMARASI
Sistem Kontrol Numarası 13373
040 ## - KATALOGLAMA KAYNAK
Orijinal Kataloglama Ajansı Milas
Kataloglama Dili tur
Metne Dönüştürmek Ajansı TR-AnCHP
041 ## - DİL KODU
Metin / Ses Parça Veya Ayrı Başlığın Dil Kodu tur
082 ## - DEWEY ONLU SINIFLANDIRMA NUMARASI
Sınıflandırma Numarası 956.1
Ürün Numarası Y37b 1996
090 ## - SINIFLAMA NUMARASI
Sınıflama Numarası 956.1 Y37b 1996
100 ## - ANA GİRİŞ - KİŞİSEL İSİM
Kişisel Ad Yetkin, Çetin
245 ## - BAŞLIK TABLOSU
Başlık Başlangıcından Atatürk'e Türk halk eylemleri ve devrimleri
Sorumluluk Tablosu, Vb Çetin Yetkin
250 ## - EDITION TABLOSU
Baskı Beyanı gözd. gçrl. ve gnşl. 4. bs.
260 ## - YAYIN, DAĞITIM, VB
Yayın, Dağıtım, Vb Yeri Ankara
Yayıncı, Dağıtıcı, Vs Adı Ümit Yayıncılık
Yayın, Dağıtım, Vb Tarihi 1996
300 ## - FİZİKSEL TANIM
Kapsam 422 s.
Boyutlar 24 sm.
490 ## - SERİSİ TABLOSU
Seri Beyanı Ufuk dizisi
Hacim / Ardışık Tanımı 46
504 ## - KAYNAKÇA VB NOT
Kaynakça Vb Notu Kaynakça var.
650 ## - KONU KATMA GİRİŞ - TOPİKAL DÖNEM
Topikal Süreli Veya Coğrafi Ad Giriş Elemanı Halk eylemleri
Genel Alt Bölümü Tarih
Coğrafi Alt Bölümü Türkiye
650 ## - KONU KATMA GİRİŞ - TOPİKAL DÖNEM
Topikal Süreli Veya Coğrafi Ad Giriş Elemanı Atatürk devrimleri
Genel Alt Bölümü Tarih
Coğrafi Alt Bölümü Türkiye
942 ## - EKLENDİ GİRİŞ ELEMANLARI (KOHA)
Sınıflandırma Veya Raf Düzeni Kaynak
Koha Öğesi Türü Books
999 ## - SİSTEM KONTROL NUMARALARI (KOHA)
Koha Biblionumber 7325
Koha Biblioitemnumber 7325
Holdings
Kalıcı Konum Mevcut Konum Edinme Tarihi Edinim Kaynak Toplam Check-Out'Lar Tam Çağrı Numarası Barkod Tarih Son Görülme İtibaren Geçerli Fiyatlar Koha Öğesi Türü Sigara Kamu Notu
CHP Kütüphanesi CHP Kütüphanesi 08/13/2016 Bağış   956.1 Y37b 1996 000761 08/13/2016 08/13/2016 Books  
Parti Okulu Kütüphanesi Parti Okulu Kütüphanesi 10/26/2021     956.1 Y37b 1996 P00891 10/26/2021 10/26/2021 Books Emin Değer Bağışıdır.